A forgótőke menedzsment jelentősége a vezetői döntésekben = Importance of circulating capital management in the managerial decisions

As a consequence of the economic crisis, the access to external financing sources has significantly narrowed down and the creditors have become much more cautious as well. This means that the parties ensuring external sources more thoroughly analyse the parties demanding sources and the ones requiri...

Teljes leírás

Elmentve itt :
Bibliográfiai részletek
Szerzők: Fenyves Veronika
Bács Zoltán
Tarnóczi Tibor
Dokumentumtípus: Cikk
Megjelent: Egyesület Közép-Európa Kutatására Szeged 2016
Sorozat:Taylor : gazdálkodás- és szervezéstudományi folyóirat 8 No. 1
Kulcsszavak:Tőkeáramlás és forgótőke - vállalati - Magyarország, Forgóeszközgazdálkodás - vállalati, Hitel - kereskedelmi - Magyarország, Hitelpolitika - Magyarország, Likviditás
Tárgyszavak:
Online Access:http://acta.bibl.u-szeged.hu/54937
LEADER 02680nab a2200253 i 4500
001 acta54937
005 20260108104857.0
008 180621s2016 hu o 000 hun d
022 |a 2064-4361 
040 |a SZTE Egyetemi Kiadványok Repozitórium  |b hun 
041 |a hun 
041 |a eng 
100 1 |a Fenyves Veronika 
245 1 2 |a A forgótőke menedzsment jelentősége a vezetői döntésekben = Importance of circulating capital management in the managerial decisions  |h [elektronikus dokumentum] /  |c  Fenyves Veronika 
260 |a Egyesület Közép-Európa Kutatására  |b Szeged  |c 2016 
300 |a 37-45 
490 0 |a Taylor : gazdálkodás- és szervezéstudományi folyóirat  |v 8 No. 1 
520 3 |a As a consequence of the economic crisis, the access to external financing sources has significantly narrowed down and the creditors have become much more cautious as well. This means that the parties ensuring external sources more thoroughly analyse the parties demanding sources and the ones requiring sources need to be more aware of their own positions and have to know their financing opportunities from internal sources. Ensuring the internal sources at an adequate level and the continuous financing of a corporation's activity are closely related to the circulating capital management. The circulating capital is of fundamental importance in order to determine the short-term financial situation of corporations. One key area of the circulating capital management is the liquidity management i.e. the continuous maintenance of solvency since it is the guarantee of a corporation's survival in the short term and it also establishes the long-term development. During the financial analysis of enterprises, we can often meet the problem that the liquidity indicators show incorrect values, at the same time, its indications are not visible in the corporate operation yet. Other times, a reverse situation occurs, that is, the liquidity indicators of an enterprise are adequate, yet the firm has payment problems. Why do these situations exist? In the study, we try to find a solution to that how such indicator values can be obtained which more accurately indicate the current solvency situation of a corporation. 
650 4 |a Társadalomtudományok 
650 4 |a Közgazdasági és gazdálkodástudományok 
695 |a Tőkeáramlás és forgótőke - vállalati - Magyarország, Forgóeszközgazdálkodás - vállalati, Hitel - kereskedelmi - Magyarország, Hitelpolitika - Magyarország, Likviditás 
700 0 1 |a Bács Zoltán  |e aut 
700 0 1 |a Tarnóczi Tibor  |e aut 
856 4 0 |u http://acta.bibl.u-szeged.hu/54937/1/taylor_2016_001_037-045.pdf  |z Dokumentum-elérés